000 00266nam a2200109Ia 4500
008 220204s9999 xx 000 0 und d
082 _a82-3
_bAAR
100 _aAarons, Edward
245 0 _aAssignment Afghan dragon
260 _aGreenwich
_bFawcett
_c1976
942 _cBK
999 _c29078
_d29078